000 00176nam a22000977a 4500
003 SGT
245 _aJournal of Orthodontics
260 _c2006
300 _a309
942 _2ddc
_cBV
999 _c27830
_d27830